=LDR 00000nam 2200000 4500 =001 NUTBA000000000003779 =005 20140827090956.0 =006 =007 =008 =020 ##$$a 978-979-066-497-3 =035 ##$$a 0010-081400000000624 =040 ##$$a NBPDMAT =082 ##$$a 641.563 14 =084 ##$$a 641.563 14 Rif d =090 ##$$a 641.563 14 Rif d =100 ##$$a Rifka Kumala Dewi =245 ##$$a Diabetes Buka Untuk Ditakuti / $c Rifka Kumala Dewi =250 ##$$a Cet. 1 =260 ##$$a Jakarta : $b F. Media , $c 2014 =300 ##$$a xi 134 hlm. ; $c 23 cm. =500 ##$$a Bibilografi : hlm. 128-132 =650 ##$$a makanan dan kesehatan - penderiata-diabetes =990 ##$$a 21409107